International resource book for libraries serving disadvantaged persons
Đã lưu trong:
| 主要作者: | |
|---|---|
| 格式: | 图书 |
| 语言: | Undetermined |
| 出版: |
Munchen, Germany
K. G. Saur
2001
|
| 主题: | |
| 标签: |
添加标签
没有标签, 成为第一个标记此记录!
|
| Thư viện lưu trữ: | Trung tâm Học liệu Trường Đại học Cần Thơ |
|---|
| LEADER | 00588nam a2200181Ia 4500 | ||
|---|---|---|---|
| 001 | CTU_103046 | ||
| 008 | 210402s9999 xx 000 0 und d | ||
| 082 | |a 025 | ||
| 082 | |b L814/No.96 | ||
| 100 | |a Locke, Joanne | ||
| 245 | 0 | |a International resource book for libraries serving disadvantaged persons | |
| 245 | 0 | |c Joanne Locke, Nancy M. Panella | |
| 260 | |a Munchen, Germany | ||
| 260 | |b K. G. Saur | ||
| 260 | |c 2001 | ||
| 650 | |a Library science | ||
| 904 | |i Minh (sửa số pl 025/I61/No.96 thành 025/L814/No.96) | ||
| 980 | |a Trung tâm Học liệu Trường Đại học Cần Thơ | ||